Χρήση του σούπερ μάρκετ από την ΕΜΧ : εργασία
Αποθηκεύτηκε σε:
| Κύριος συγγραφέας: | |
|---|---|
| Συγγραφή απο Οργανισμό/Αρχή: | |
| Άλλοι συγγραφείς: | |
| Μορφή: | Thesis Βιβλίο |
| Γλώσσα: | Greek |
| Δημοσίευση: |
1996
|
| Θέματα: | |
| Ετικέτες: |
Προσθήκη ετικέτας
Δεν υπάρχουν, Καταχωρήστε ετικέτα πρώτοι!
|
MARC
| LEADER | 00000cam a2200000 i 4500 | ||
|---|---|---|---|
| 001 | 1/57144 | ||
| 008 | 011218s1996 gre d | ||
| 035 | |l 10000110 | ||
| 040 | |a GR-MY-UA |b gre |e aacr | ||
| 041 | 0 | |a gre | |
| 082 | 0 | |a 658 |2 (22) | |
| 100 | 1 | |a Κοκκινέλη, Άννα. | |
| 245 | 1 | 0 | |a Χρήση του σούπερ μάρκετ από την ΕΜΧ : |b εργασία / |c Κοκκινέλη Άννα ; Επιβλέπων καθηγητής:Ν. Λίτινας |
| 260 | |c 1996 | ||
| 300 | |a 85 σ.; |c 30 εκ. | ||
| 502 | |a Εργασία - Πανεπιστήμιο Αιγαίου, Τμήμα Διοίκησης Επιχειρήσεων, 1996 | ||
| 504 | |a Περιλαμβάνει βιβλιογραφία | ||
| 610 | 2 | 0 | |a Πανεπιστήμιο Αιγαίου. |
| 650 | 0 | 0 | |a Management. |
| 650 | 0 | 0 | |a Gums and resins industry |z Greece |z Chios (Municipality) |
| 650 | 0 | 0 | |a Supermarkets |z Greece |z Chios (Munipality) |x Case studies. |
| 700 | 1 | |a Λίτινας, Νικόλαος Αντ. |4 ths | |
| 710 | 2 | |a Πανεπιστήμιο Αιγαίου. |b Σχολή Επιστημών της Διοίκησης. |b Τμήμα Διοίκησης Επιχειρήσεων. | |
| 852 | |a INST |b CHIOS |c PERG |e 20011218 |h 658 ΚΟΚ |p 005200020741 |q 005200020741 |t PERG |y 23 | ||
| 901 | |a BIBL2-2001-3 | ||
| 909 | |a Χ |b 098735 | ||
| 924 | |a ΛΙΤΙΝΑΣ |b ΝΙΚΟΛΑΟΣ |y ΧΙΟΣ |z 2001-12 | ||
| 970 | |a ΝΤΟΥΜΗ |b ΜΑΡΙΑ |z 2001/12/18 | ||